Les Autoroutes franciliennes - Statistiques

Statistiques générales
  • Ce quiz a été pris 75 fois
  • Le résultat moyen est 11 sur 45
Statistiques - réponses
Autoroute Origine
Destination
% Correct
Lille
100%
Lyon / Limonest
80%
Strasbourg
79%
Bordeaux / Lormont
63%
Caen
54%
Nantes
50%
Belgique / Ghyvelde
34%
Cergy
30%
Langres
29%
A14 La Défense / Puteaux / Courbevoie
27%
A4 Paris Porte de Bercy
25%
A1 Paris Porte de la Chapelle
25%
A15 Gennevilliers
23%
A3 Paris Porte de Bagnolet
23%
A6b Paris Porte d’Italie
23%
A6a Paris Porte d’Orléans
23%
Melun
21%
Orgeval
21%
A140 Villenoy / Meaux
21%
A6 Wissous
21%
Wissous
21%
Wissous
21%
A10 Wissous
21%
A86 (PK 0) Nanterre
20%
A13 Paris Porte d’Auteuil
20%
Trappes
18%
Gonesse
14%
A170 Gonesse
14%
A126 Palaiseau
14%
Méry-sur-Oise
11%
Paray-Vieille-Poste
11%
A115 Sannois
11%
Chilly-Mazarin
9%
A12 Le Chesnay-Roquencourt / Bailly
9%
A5 Lieusaint
9%
Collégien
7%
A16 Montsoult
7%
A11 Ponthévrard
7%
A106 Chevilly-Larue
5%
A105 Évry-Grégy-sur-Yerre
5%
Mitry-Mory
5%
A103 Noisy-le-Sec
5%
Villemomble
5%
Quincy-Voisins
4%
A104 Épiais-les-Louvres
2%
Aucun quiz correspondant
Distribution des résultats
% des personnes avec chaque résultat
Percentile par nombre de réponses
Votre historique - résultats
Vous n’avez pas pris ce quiz